000 00859nam a2200265Ia 4500
001 21722
005 20260320113307.0
008 260320s9999||||xx |||||||||||||| ||und||
020 _a9786123331528
041 _aESP
082 _a346
_bT74 T. 1
100 _aTorres Carrasco, Manuel Alberto,
_eCOR
245 0 _a40 años del código civil :
_buna completa revisión de sus principales instituciones
246 _a
_5
_b
250 _aPrimera edición
260 _aLima :
_bGaceta Jurídica,
_c2025
300 _a286 páginas :
_bcuadros ;
_c25 cm.
_e
440 _a
_n
_v
650 _aCIS
653 _aDerecho; Derecho civil; Código civil peruano, revisión
654 _aDER
700 _aTomaylla Rojas, Miriam Mabel
_cCOR
856 _uhttps://app-vlex-com.ucsp.lookproxy.com/
_zVéase además: Base de datos Vlex
942 _cLIB
_dJUS
_fMIP
_2ddc
_n
999 _c21722
_d21722